đŸŽ¶ Paroles "La ville que j'ai tant aimĂ©e" Tri Yann - Statistiques

Statistiques générales
  • Ce quiz a Ă©tĂ© pris 23 fois
  • Le rĂ©sultat moyen est 162 sur 240
Statistiques - réponses
Mots % Correct
Ă 
100%
a
100%
ai
100%
aimée
100%
est
100%
j'
100%
J'
100%
l'
100%
L'
100%
la
100%
La
100%
Nantes
100%
qu'
100%
que
100%
tant,
100%
tant
100%
ville
100%
C'
90%
d'
90%
de
90%
De
90%
Elle
90%
elle
90%
le
90%
Le
90%
Les
90%
les
90%
ne
90%
né
90%
On
90%
s'
90%
un
90%
des
80%
en
80%
et
80%
Et
80%
il
80%
nous
80%
Nous
80%
tout
80%
une
80%
y
80%
avons
70%
Cette
70%
Dans
70%
dans
70%
Du
70%
été
70%
fin
70%
haut
70%
Ils
70%
ils
70%
ont
70%
soleil
70%
su
70%
sur
70%
aux
60%
enfants
60%
femmes
60%
pour
60%
années
50%
apprendre
50%
hiver,
50%
hommes
50%
née
50%
notre
50%
quand
50%
sous
50%
toits
50%
arbre
40%
ardoisés
40%
Avant
40%
blanche
40%
blanches
40%
chantaient
40%
dansé
40%
église
40%
était
40%
grande
40%
lin
40%
matin
40%
noire
40%
pluie
40%
rocher
40%
saignaient
40%
six
40%
soit
40%
venait
40%
arbres
30%
aube
30%
brillé
30%
brûlé
30%
Chemises
30%
dimanche,
30%
dimanches
30%
enchaĂźnaient
30%
enfance
30%
étang
30%
filles
30%
lavoir
30%
puis
30%
riaient
30%
robes
30%
rouets
30%
siĂšcle
30%
siĂšcles
30%
tombait
30%
tombe
30%
vu
30%
arlequin
20%
avaient
20%
balayé
20%
brisé,
20%
costume
20%
école
20%
Fleurissaient
20%
gamin
20%
gelé
20%
jardins
20%
levée
20%
moissons
20%
ouvriers
20%
Peindre
20%
rĂȘver
20%
vacances
20%
arraché
10%
aubier
10%
bleuté
10%
ciels
10%
ferme
10%
grise
10%
herbe
10%
interdit,
10%
pommiers
10%
adulte
0%
buvaient
0%
rouille
0%
Aucun quiz correspondant
Distribution des résultats
% des personnes avec chaque résultat
Percentile par nombre de réponses
Votre historique - résultats
Vous n’avez pas pris ce quiz